[Event "Tournoi International du Pays de Charleroi 2018"]
[Site "Roux, Belgium"]
[Date "2018.07.31"]
[Round "5.17"]
[White "De Herdt, Yasseen"]
[Black "Kulkarni, Rakesh"]
[Result "0-1"]
[BlackTitle "IM"]
[WhiteElo "2146"]
[BlackElo "2363"]

1. b3 {[%clk 01:30:57]} {[%emt 00:00:02]} e5 {[%clk 01:26:27]} {[%emt
00:04:26]} 2. Bb2 {[%clk 01:31:22]} {[%emt 00:00:12]} Nc6 {[%clk 01:26:51]}
{[%emt 00:00:06]} 3. e3 {[%clk 01:31:48]} {[%emt 00:00:04]} Nf6 {[%clk
01:27:03]} {[%emt 00:00:18]} 4. Bb5 {[%clk 01:32:09]} {[%emt 00:00:09]} Bd6
{[%clk 01:27:19]} {[%emt 00:00:15]} 5. Na3 {[%clk 01:32:33]} {[%emt 00:00:06]}
e4 {[%clk 01:27:25]} {[%emt 00:00:24]} 6. Nc4 {[%clk 01:31:15]} {[%emt
00:01:47]} Be7 {[%clk 01:27:48]} {[%emt 00:00:08]} 7. Bxc6 {[%clk 01:31:32]}
{[%emt 00:00:13]} bxc6 {[%clk 01:24:08]} {[%emt 00:04:09]} 8. Ne2 {[%clk
01:27:08]} {[%emt 00:04:54]} O-O {[%clk 01:24:10]} {[%emt 00:00:28]} 9. O-O
{[%clk 01:05:50]} {[%emt 00:21:49]} d5 {[%clk 01:22:56]} {[%emt 00:01:45]} 10.
Ne5 {[%clk 01:02:50]} {[%emt 00:03:29]} Bd6 {[%clk 01:22:21]} {[%emt 00:01:04]}
11. d4 {[%clk 00:59:15]} {[%emt 00:04:06]} Ng4 {[%clk 01:12:31]} {[%emt
00:10:20]} 12. h3 {[%clk 00:54:24]} {[%emt 00:05:20]} Nh6 {[%clk 01:09:34]}
{[%emt 00:03:28]} 13. c4 {[%clk 00:48:48]} {[%emt 00:06:06]} Qe8 {[%clk
01:02:04]} {[%emt 00:08:01]} 14. cxd5 {[%clk 00:32:41]} {[%emt 00:16:37]} cxd5
{[%clk 01:02:13]} {[%emt 00:00:20]} 15. Nf4 {[%clk 00:30:41]} {[%emt 00:02:29]}
f6 {[%clk 00:58:19]} {[%emt 00:04:25]} 16. Ng4 {[%clk 00:30:35]} {[%emt
00:00:35]} Bxg4 {[%clk 00:46:38]} {[%emt 00:12:11]} 17. hxg4 {[%clk 00:30:56]}
{[%emt 00:00:09]} f5 {[%clk 00:45:10]} {[%emt 00:01:58]} 18. f3 {[%clk
00:22:36]} {[%emt 00:08:51]} fxg4 {[%clk 00:26:16]} {[%emt 00:19:25]} 19. fxg4
{[%clk 00:22:05]} {[%emt 00:01:00]} Qe7 {[%clk 00:26:19]} {[%emt 00:00:27]} 20.
Nh3 {[%clk 00:20:48]} {[%emt 00:01:46]} Qh4 {[%clk 00:26:31]} {[%emt 00:00:19]}
21. Qe1 {[%clk 00:17:12]} {[%emt 00:04:06]} Rxf1+ {[%clk 00:23:27]} {[%emt
00:03:34]} 22. Kxf1 {[%clk 00:13:20]} {[%emt 00:04:21]} Bg3 {[%clk 00:23:24]}
{[%emt 00:00:34]} 23. Qa5 {[%clk 00:12:52]} {[%emt 00:00:59]} Rf8+ {[%clk
00:21:35]} {[%emt 00:02:18]} 24. Kg1 {[%clk 00:13:18]} {[%emt 00:00:04]} Nxg4
{[%clk 00:21:03]} {[%emt 00:01:03]} 25. Qxd5+ {[%clk 00:13:26]} {[%emt
00:00:22]} Kh8 {[%clk 00:21:28]} {[%emt 00:00:05]} 26. Ba3 {[%clk 00:07:52]}
{[%emt 00:06:04]} Bf2+ {[%clk 00:20:40]} {[%emt 00:01:18]} 27. Kh1 {[%clk
00:06:46]} {[%emt 00:01:36]} Qg3 {[%clk 00:20:53]} {[%emt 00:00:17]} 28. Bxf8
{[%clk 00:07:05]} {[%emt 00:00:10]} Qh2 {[%clk 00:21:17]} {[%emt 00:00:05]} 0-1

[Event "Tournoi International du Pays de Charleroi 2018"]
[Site "Roux, Belgium"]
[Date "2018.07.31"]
[Round "5.25"]
[White "Verbist, Julien"]
[Black "Barbier, Sigiswald"]
[Result "1/2-1/2"]
[WhiteElo "1954"]
[BlackElo "2117"]

1. b3 {[%clk 01:30:47]} {[%emt 00:00:12]} d5 {[%clk 01:30:40]} {[%emt
00:00:19]} 2. Bb2 {[%clk 01:31:12]} {[%emt 00:00:06]} Nf6 {[%clk 01:30:23]}
{[%emt 00:00:47]} 3. Nf3 {[%clk 01:30:40]} {[%emt 00:01:02]} Bg4 {[%clk
01:30:38]} {[%emt 00:00:15]} 4. e3 {[%clk 01:31:03]} {[%emt 00:00:07]} e6
{[%clk 01:28:47]} {[%emt 00:02:21]} 5. Be2 {[%clk 01:31:27]} {[%emt 00:00:06]}
Bd6 {[%clk 01:27:54]} {[%emt 00:01:22]} 6. d4 {[%clk 01:30:38]} {[%emt
00:01:20]} O-O {[%clk 01:25:19]} {[%emt 00:03:04]} 7. Ba3 {[%clk 01:29:56]}
{[%emt 00:01:14]} Bxf3 {[%clk 01:24:11]} {[%emt 00:01:36]} 8. Bxf3 {[%clk
01:29:07]} {[%emt 00:01:19]} c6 {[%clk 01:24:23]} {[%emt 00:00:18]} 9. Bxd6
{[%clk 01:28:55]} {[%emt 00:00:43]} Qxd6 {[%clk 01:24:48]} {[%emt 00:00:04]} 10.
O-O {[%clk 01:29:08]} {[%emt 00:00:18]} Nbd7 {[%clk 01:23:00]} {[%emt
00:02:18]} 11. Nd2 {[%clk 01:28:12]} {[%emt 00:01:26]} e5 {[%clk 01:22:18]}
{[%emt 00:01:12]} 12. dxe5 {[%clk 01:23:40]} {[%emt 00:05:02]} Nxe5 {[%clk
01:22:35]} {[%emt 00:00:13]} 13. Be2 {[%clk 01:23:33]} {[%emt 00:00:37]} Rad8
{[%clk 01:22:08]} {[%emt 00:00:57]} 14. Nf3 {[%clk 01:22:55]} {[%emt 00:01:08]}
Nxf3+ {[%clk 01:20:23]} {[%emt 00:02:15]} 15. Bxf3 {[%clk 01:23:20]} {[%emt
00:00:06]} Rfe8 {[%clk 01:13:32]} {[%emt 00:07:21]} 16. Qd3 {[%clk 01:18:19]}
{[%emt 00:05:29]} Nd7 {[%clk 01:02:41]} {[%emt 00:11:22]} 17. g3 {[%clk
00:58:05]} {[%emt 00:20:44]} Ne5 {[%clk 00:50:34]} {[%emt 00:12:36]} 18. Qd1
{[%clk 00:58:30]} {[%emt 00:00:05]} Nxf3+ {[%clk 00:49:25]} {[%emt 00:01:40]}
19. Qxf3 {[%clk 00:58:52]} {[%emt 00:00:08]} h6 {[%clk 00:49:49]} {[%emt
00:00:06]} 20. Rfd1 {[%clk 00:59:09]} {[%emt 00:00:12]} Qe5 {[%clk 00:48:23]}
{[%emt 00:01:56]} 21. Qf4 {[%clk 00:48:11]} {[%emt 00:11:29]} Qxf4 {[%clk
00:44:42]} {[%emt 00:04:09]} 1/2-1/2

[ePGN "0.1;DGT LiveChess/2.1"]

[Event "Tournoi International du Pays de Charleroi 2018"]
[Site "Roux, Belgium"]
[Date "2018.08.01"]
[Round "6.22"]
[White "Mitran Anthony, Cristian"]
[Black "Geuquet, Michael"]
[Result "1-0"]
[WhiteElo "2096"]
[BlackElo "1912"]

1. Nf3 {[%clk 01:30:55]} {[%emt 00:00:03]} d5 {[%clk 01:30:54]} {[%emt
00:00:08]} 2. e3 {[%clk 01:31:15]} {[%emt 00:00:10]} Nf6 {[%clk 01:31:18]}
{[%emt 00:00:06]} 3. c4 {[%clk 01:31:43]} {[%emt 00:00:03]} c6 {[%clk
01:31:42]} {[%emt 00:00:06]} 4. b3 {[%clk 01:32:09]} {[%emt 00:00:04]} Bg4
{[%clk 01:31:35]} {[%emt 00:00:37]} 5. Bb2 {[%clk 01:32:24]} {[%emt 00:00:15]}
Nbd7 {[%clk 01:31:31]} {[%emt 00:00:34]} 6. d4 {[%clk 01:32:16]} {[%emt
00:00:37]} e6 {[%clk 01:30:48]} {[%emt 00:01:13]} 7. Nbd2 {[%clk 01:32:24]}
{[%emt 00:00:23]} Bd6 {[%clk 01:30:21]} {[%emt 00:00:57]} 8. h3 {[%clk
01:32:42]} {[%emt 00:00:12]} Bh5 {[%clk 01:30:39]} {[%emt 00:00:11]} 9. Qc2
{[%clk 01:31:38]} {[%emt 00:01:34]} Bg6 {[%clk 01:30:05]} {[%emt 00:01:04]} 10.
Bd3 {[%clk 01:31:59]} {[%emt 00:00:09]} Bxd3 {[%clk 01:30:32]} {[%emt
00:00:04]} 11. Qxd3 {[%clk 01:32:27]} {[%emt 00:00:02]} O-O {[%clk 01:28:56]}
{[%emt 00:02:05]} 12. O-O {[%clk 01:31:53]} {[%emt 00:01:04]} Re8 {[%clk
01:20:59]} {[%emt 00:08:28]} 13. e4 {[%clk 01:28:14]} {[%emt 00:04:08]} dxe4
{[%clk 01:19:59]} {[%emt 00:01:31]} 14. Nxe4 {[%clk 01:26:45]} {[%emt
00:01:58]} Nxe4 {[%clk 01:20:25]} 15. Qxe4 {[%clk 01:27:14]} {[%emt 00:00:06]}
Qf6 {[%clk 01:10:35]} {[%emt 00:10:19]} 16. Ne5 {[%clk 01:25:09]} {[%emt
00:02:35]} Bxe5 {[%clk 01:10:22]} {[%emt 00:00:43]} 17. dxe5 {[%clk 01:25:35]}
{[%emt 00:00:04]} Qe7 {[%clk 01:09:24]} {[%emt 00:01:28]} 18. Rfd1 {[%clk
01:25:18]} {[%emt 00:00:47]} Red8 {[%clk 01:00:52]} {[%emt 00:09:02]} 19. Rd6
{[%clk 01:22:50]} {[%emt 00:02:56]} Nb6 {[%clk 00:51:03]} {[%emt 00:10:21]} 20.
Rad1 {[%clk 01:21:37]} {[%emt 00:01:43]} Rxd6 {[%clk 00:47:31]} {[%emt
00:04:02]} 21. Rxd6 {[%clk 01:17:35]} {[%emt 00:04:32]} Rd8 {[%clk 00:39:57]}
{[%emt 00:08:04]} 22. Qd4 {[%clk 01:09:34]} {[%emt 00:08:31]} Rxd6 {[%clk
00:30:04]} {[%emt 00:10:24]} 23. exd6 {[%clk 01:09:00]} {[%emt 00:01:03]} Qf6
{[%clk 00:30:31]} {[%emt 00:00:03]} 24. Qxb6 {[%clk 01:08:43]} {[%emt
00:00:47]} 1-0

[Event "Tournoi International du Pays de Charleroi 2018"]
[Site "Roux, Belgium"]
[Date "2018.08.01"]
[Round "6.17"]
[White "Gitu, Paula-Alexandra"]
[Black "Dauw, Sterre"]
[Result "1-0"]
[WhiteTitle "WFM"]
[WhiteElo "1990"]
[BlackElo "2192"]

1. e4 {[%clk 01:30:59]} c5 {[%clk 01:30:55]} {[%emt 00:00:05]} 2. Nf3 {[%clk
01:31:25]} {[%emt 00:00:04]} e6 {[%clk 01:31:20]} {[%emt 00:00:05]} 3. c3
{[%clk 01:31:49]} {[%emt 00:00:06]} Nc6 {[%clk 01:31:46]} {[%emt 00:00:04]} 4.
d4 {[%clk 01:32:14]} {[%emt 00:00:05]} d5 {[%clk 01:32:12]} {[%emt 00:00:04]} 5.
exd5 {[%clk 01:32:37]} {[%emt 00:00:07]} Qxd5 {[%clk 01:32:38]} {[%emt
00:00:04]} 6. Na3 {[%clk 01:31:36]} {[%emt 00:01:32]} Qd8 {[%clk 01:33:03]}
{[%emt 00:00:05]} 7. Nc2 {[%clk 01:30:48]} {[%emt 00:01:17]} Nf6 {[%clk
01:29:49]} {[%emt 00:03:44]} 8. Be2 {[%clk 01:22:29]} {[%emt 00:08:49]} cxd4
{[%clk 01:21:40]} {[%emt 00:08:39]} 9. Ncxd4 {[%clk 01:22:02]} {[%emt
00:00:57]} Nxd4 {[%clk 01:22:01]} {[%emt 00:00:10]} 10. Qxd4 {[%clk 01:21:31]}
{[%emt 00:01:01]} Qxd4 {[%clk 01:19:40]} {[%emt 00:02:51]} 11. Nxd4 {[%clk
01:18:39]} {[%emt 00:03:22]} Bc5 {[%clk 01:15:55]} {[%emt 00:04:14]} 12. Nb5
{[%clk 01:10:57]} {[%emt 00:08:13]} Ke7 {[%clk 01:05:03]} {[%emt 00:11:21]} 13.
Bg5 {[%clk 00:45:27]} {[%emt 00:26:00]} a6 {[%clk 00:55:57]} {[%emt 00:09:37]}
14. Nd4 {[%clk 00:44:23]} {[%emt 00:01:34]} h6 {[%clk 00:53:00]} {[%emt
00:03:26]} 15. Bh4 {[%clk 00:36:37]} {[%emt 00:08:17]} g5 {[%clk 00:51:03]}
{[%emt 00:02:27]} 16. Bg3 {[%clk 00:37:02]} {[%emt 00:00:05]} Ne4 {[%clk
00:51:28]} {[%emt 00:00:05]} 17. Bf3 {[%clk 00:34:47]} {[%emt 00:02:45]} Nxg3
{[%clk 00:49:22]} {[%emt 00:02:35]} 18. hxg3 {[%clk 00:33:26]} {[%emt
00:01:51]} Bb6 {[%clk 00:17:21]} {[%emt 00:32:33]} 19. g4 {[%clk 00:25:11]}
{[%emt 00:08:45]} Kf6 {[%clk 00:17:09]} {[%emt 00:00:41]} 20. Nb3 {[%clk
00:15:21]} {[%emt 00:10:19]} e5 {[%clk 00:14:54]} {[%emt 00:02:46]} 21. Nd2
{[%clk 00:15:01]} {[%emt 00:00:50]} Kg7 {[%clk 00:06:18]} {[%emt 00:09:06]} 22.
Ke2 {[%clk 00:10:26]} {[%emt 00:05:06]} Bc7 {[%clk 00:05:00]} {[%emt 00:01:48]}
23. b3 {[%clk 00:07:15]} {[%emt 00:03:41]} Rb8 {[%clk 00:04:32]} {[%emt
00:00:58]} 24. Ne4 {[%clk 00:05:28]} {[%emt 00:02:17]} b5 {[%clk 00:02:25]}
{[%emt 00:02:36]} 25. Ng3 {[%clk 00:04:29]} {[%emt 00:01:29]} Ba5 {[%clk
00:02:36]} {[%emt 00:00:19]} 26. Rac1 {[%clk 00:04:50]} {[%emt 00:00:09]} Be6
{[%clk 00:02:52]} {[%emt 00:00:14]} 27. Nh5+ {[%clk 00:01:15]} {[%emt
00:04:05]} Kf8 {[%clk 00:01:55]} {[%emt 00:01:28]} 28. Nf6 {[%clk 00:01:04]}
{[%emt 00:00:41]} Rd8 {[%clk 00:01:32]} {[%emt 00:00:53]} 29. Ne4 {[%clk
00:00:58]} {[%emt 00:00:36]} Kg7 {[%clk 00:01:00]} {[%emt 00:01:02]} 30. Nc5
{[%clk 00:00:40]} {[%emt 00:00:48]} Bc8 {[%clk 00:00:42]} {[%emt 00:00:47]} 31.
Nb7 {[%clk 00:00:35]} {[%emt 00:00:36]} e4 {[%clk 00:00:42]} {[%emt 00:00:30]}
32. Nxa5 {[%clk 00:00:37]} {[%emt 00:00:28]} exf3+ {[%clk 00:01:04]} {[%emt
00:00:07]} 33. Kxf3 {[%clk 00:00:36]} {[%emt 00:00:31]} Rd3+ {[%clk 00:01:01]}
{[%emt 00:00:34]} 34. Ke2 {[%clk 00:01:05]} {[%emt 00:00:01]} Rhd8 {[%emt
00:00:48]} 35. Rhd1 {[%clk 00:00:54]} Bxg4+ {[%clk 00:01:21]} {[%emt 00:00:33]}
36. f3 {[%clk 00:01:23]} Bf5 {[%clk 00:01:11]} {[%emt 00:00:40]} 37. Nc6 {[%clk
00:00:34]} {[%emt 00:01:19]} Re8+ {[%clk 00:00:32]} {[%emt 00:01:10]} 38. Kf2
{[%clk 00:01:02]} Rde3 {[%clk 00:00:44]} {[%emt 00:00:19]} 39. Re1 {[%clk
00:00:52]} {[%emt 00:00:40]} Rxe1 {[%clk 00:00:41]} {[%emt 00:00:33]} 40. Rxe1
{[%clk 00:01:20]} Rc8 {[%clk 00:00:40]} {[%emt 00:00:32]} 41. Ne7 {[%clk
00:01:17]} {[%emt 00:00:33]} Rc5 {[%clk 00:29:07]} {[%emt 00:02:02]} 42. b4
{[%clk 00:31:30]} {[%emt 00:00:18]} Rxc3 {[%clk 00:29:17]} {[%emt 00:00:19]} 43.
Nxf5+ {[%clk 00:31:57]} {[%emt 00:00:03]} Kg6 {[%clk 00:29:08]} {[%emt
00:00:39]} 44. g4 {[%clk 00:30:05]} {[%emt 00:02:23]} h5 {[%clk 00:28:18]}
{[%emt 00:01:20]} 45. Ne7+ {[%clk 00:30:21]} {[%emt 00:00:14]} Kh6 {[%clk
00:28:43]} {[%emt 00:00:05]} 46. gxh5 {[%clk 00:30:34]} {[%emt 00:00:17]} Ra3
{[%clk 00:28:43]} {[%emt 00:00:29]} 47. Re2 {[%clk 00:15:45]} {[%emt 00:15:20]}
Ra4 {[%clk 00:24:29]} {[%emt 00:04:44]} 48. Rb2 {[%clk 00:05:10]} {[%emt
00:11:05]} Kxh5 {[%clk 00:22:58]} {[%emt 00:02:01]} 49. Kg3 {[%clk 00:04:34]}
{[%emt 00:01:06]} g4 {[%clk 00:16:33]} {[%emt 00:06:55]} 50. Kf4 {[%clk
00:03:16]} {[%emt 00:01:49]} Kh6 {[%clk 00:14:43]} {[%emt 00:02:19]} 51. fxg4
{[%clk 00:02:54]} {[%emt 00:00:52]} a5 {[%clk 00:15:07]} {[%emt 00:00:06]} 52.
Kf5 {[%clk 00:00:45]} {[%emt 00:02:39]} Kg7 {[%clk 00:15:09]} {[%emt 00:00:28]}
53. Nd5 {[%clk 00:00:52]} {[%emt 00:00:23]} axb4 {[%clk 00:15:03]} {[%emt
00:00:36]} 54. Nxb4 {[%clk 00:00:39]} {[%emt 00:00:43]} Ra3 {[%clk 00:14:00]}
{[%emt 00:01:32]} 55. Rb3 {[%clk 00:00:37]} {[%emt 00:00:33]} Ra4 {[%clk
00:14:07]} {[%emt 00:00:23]} 56. Rb2 {[%clk 00:00:40]} {[%emt 00:00:27]} Ra3
{[%clk 00:14:09]} {[%emt 00:00:28]} 57. Rd2 {[%clk 00:00:59]} {[%emt 00:00:11]}
Rf3+ {[%clk 00:13:27]} {[%emt 00:01:12]} 58. Ke4 {[%clk 00:01:22]} {[%emt
00:00:07]} Rg3 {[%clk 00:13:53]} {[%emt 00:00:04]} 59. Kf4 {[%emt 00:00:08]}
Rc3 {[%clk 00:14:18]} 60. Rd4 {[%clk 00:02:10]} {[%emt 00:00:08]} Kg6 {[%clk
00:14:05]} {[%emt 00:00:42]} 61. Rd6+ {[%clk 00:01:33]} {[%emt 00:01:07]} Kg7
{[%clk 00:13:57]} {[%emt 00:00:38]} 62. Ke5 {[%clk 00:01:08]} {[%emt 00:00:56]}
Rc5+ {[%clk 00:13:19]} {[%emt 00:01:08]} 63. Rd5 {[%clk 00:00:48]} {[%emt
00:00:50]} Rc4 {[%clk 00:13:11]} {[%emt 00:00:38]} 64. Rd4 {[%clk 00:01:10]}
{[%emt 00:00:09]} Rc1 {[%clk 00:13:11]} {[%emt 00:00:29]} 65. Rd5 {[%clk
00:00:46]} {[%emt 00:00:54]} Rc4 {[%clk 00:13:17]} {[%emt 00:00:24]} 66. Rd4
{[%clk 00:00:53]} {[%emt 00:00:23]} Rc1 {[%clk 00:13:39]} {[%emt 00:00:08]} 67.
Kd5 {[%clk 00:00:57]} {[%emt 00:00:27]} Kg6 {[%clk 00:13:40]} {[%emt 00:00:28]}
68. Nc6 {[%clk 00:00:56]} {[%emt 00:00:32]} Kg5 {[%clk 00:12:33]} {[%emt
00:01:35]} 69. Ne5 {[%clk 00:00:48]} {[%emt 00:00:39]} f6 {[%clk 00:12:13]}
{[%emt 00:00:50]} 70. Nf7 {[%clk 00:00:51]} {[%emt 00:00:26]} Kg6 {[%clk
00:12:20]} {[%emt 00:00:23]} 71. Nd6 {[%clk 00:01:18]} {[%emt 00:00:04]} Rc2
{[%clk 00:12:44]} {[%emt 00:00:07]} 72. a3 {[%clk 00:01:44]} {[%emt 00:00:04]}
Rb2 {[%clk 00:11:18]} {[%emt 00:01:56]} 73. Rb4 {[%clk 00:01:51]} {[%emt
00:00:23]} Rd2+ {[%clk 00:10:34]} {[%emt 00:01:13]} 74. Kc6 {[%clk 00:02:07]}
{[%emt 00:00:14]} Ra2 {[%clk 00:10:31]} {[%emt 00:00:33]} 75. Nxb5 {[%clk
00:02:32]} {[%emt 00:00:05]} Kg5 {[%clk 00:10:52]} {[%emt 00:00:09]} 76. a4
{[%clk 00:02:45]} {[%emt 00:00:18]} Rg2 {[%clk 00:10:56]} {[%emt 00:00:25]} 77.
a5 {[%clk 00:03:06]} {[%emt 00:00:09]} Rxg4 {[%clk 00:11:20]} {[%emt 00:00:05]}
78. Rxg4+ {[%clk 00:03:33]} {[%emt 00:00:03]} Kxg4 {[%clk 00:11:44]} {[%emt
00:00:06]} 79. a6 {[%clk 00:04:01]} {[%emt 00:00:03]} f5 {[%clk 00:12:02]}
{[%emt 00:00:11]} 80. a7 {[%clk 00:04:29]} {[%emt 00:00:03]} f4 {[%clk
00:12:28]} {[%emt 00:00:04]} 81. a8=Q {[%clk 00:04:56]} {[%emt 00:00:04]} f3
{[%clk 00:12:52]} {[%emt 00:00:05]} 82. Qg8+ {[%clk 00:04:36]} {[%emt
00:00:51]} Kh3 {[%clk 00:13:14]} {[%emt 00:00:07]} 83. Qg1 {[%clk 00:04:58]}
{[%emt 00:00:08]} 1-0

[Event "Tournoi International du Pays de Charleroi 2018"]
[Site "Roux, Belgium"]
[Date "2018.08.01"]
[Round "6.5"]
[White "Godart, Francois"]
[Black "Inkiov, Ventzislav"]
[Result "1/2-1/2"]
[BlackTitle "GM"]
[WhiteElo "2427"]
[BlackElo "2432"]

1. e4 {[%clk 01:30:54]} {[%emt 00:00:05]} c5 {[%clk 01:30:41]} {[%emt
00:00:19]} 2. Nf3 {[%clk 01:31:18]} {[%emt 00:00:07]} d6 {[%clk 01:31:07]}
{[%emt 00:00:04]} 3. d4 {[%clk 01:31:43]} {[%emt 00:00:06]} cxd4 {[%clk
01:31:33]} {[%emt 00:00:04]} 4. Nxd4 {[%clk 01:32:09]} {[%emt 00:00:03]} Nf6
{[%clk 01:31:56]} {[%emt 00:00:06]} 5. Nc3 {[%clk 01:32:36]} {[%emt 00:00:03]}
Nc6 {[%clk 01:31:57]} {[%emt 00:00:29]} 6. Bg5 {[%clk 01:32:52]} {[%emt
00:00:15]} e6 {[%clk 01:32:19]} {[%emt 00:00:07]} 7. Qd2 {[%clk 01:33:15]}
{[%emt 00:00:07]} Be7 {[%clk 01:32:44]} {[%emt 00:00:05]} 8. O-O-O {[%clk
01:33:26]} {[%emt 00:00:19]} O-O {[%clk 01:33:06]} {[%emt 00:00:07]} 9. f4
{[%clk 01:33:43]} {[%emt 00:00:14]} h6 {[%clk 01:32:36]} {[%emt 00:01:00]} 10.
Bh4 {[%clk 01:33:19]} {[%emt 00:00:54]} Nxd4 {[%clk 01:32:36]} {[%emt
00:00:30]} 11. Qxd4 {[%clk 01:33:44]} {[%emt 00:00:05]} Qa5 {[%clk 01:32:55]}
{[%emt 00:00:11]} 12. Bc4 {[%clk 01:33:41]} {[%emt 00:00:33]} Rd8 {[%clk
01:29:32]} {[%emt 00:03:53]} 13. f5 {[%clk 01:29:21]} {[%emt 00:04:51]} exf5
{[%clk 01:26:47]} {[%emt 00:03:14]} 14. exf5 {[%clk 01:29:46]} {[%emt
00:00:06]} Qxf5 {[%clk 01:26:27]} {[%emt 00:00:50]} 15. Rde1 {[%clk 01:29:14]}
{[%emt 00:01:02]} Be6 {[%clk 01:23:15]} {[%emt 00:03:42]} 16. Rhf1 {[%clk
01:20:44]} {[%emt 00:09:00]} Qc5 {[%clk 01:22:18]} {[%emt 00:01:27]} 17. Qxc5
{[%clk 01:20:51]} {[%emt 00:00:24]} dxc5 {[%clk 01:22:43]} {[%emt 00:00:05]} 18.
Bxe6 {[%clk 01:21:15]} {[%emt 00:00:06]} fxe6 {[%clk 01:23:08]} {[%emt
00:00:05]} 19. Rxe6 {[%clk 01:21:39]} {[%emt 00:00:06]} Rd7 {[%clk 01:23:26]}
{[%emt 00:00:12]} 20. Ne4 {[%clk 00:51:32]} {[%emt 00:30:38]} Nxe4 {[%clk
01:22:14]} {[%emt 00:01:41]} 21. Bxe7 {[%clk 00:51:40]} {[%emt 00:00:22]} Re8
{[%clk 01:21:29]} {[%emt 00:01:15]} 22. Rxe4 {[%clk 00:51:34]} {[%emt
00:00:36]} Rdxe7 {[%clk 01:21:53]} {[%emt 00:00:06]} 1/2-1/2

[Event "Tournoi International du Pays de Charleroi 2018"]
[Site "Roux, Belgium"]
[Date "2018.08.01"]
[Round "6.15"]
[White "Goossens, Hanne"]
[Black "Huynh, Laurent"]
[Result "1-0"]
[WhiteTitle "WFM"]
[WhiteElo "2204"]
[BlackElo "2071"]

1. e4 {[%clk 01:30:55]} {[%emt 00:00:05]} e5 {[%clk 01:30:46]} {[%emt
00:00:11]} 2. Nf3 {[%clk 01:31:22]} {[%emt 00:00:06]} Nc6 {[%clk 01:30:49]}
{[%emt 00:00:26]} 3. Bc4 {[%clk 01:31:43]} {[%emt 00:00:10]} Bc5 {[%clk
01:30:53]} {[%emt 00:00:26]} 4. c3 {[%clk 01:31:58]} {[%emt 00:00:15]} Nf6
{[%clk 01:31:01]} {[%emt 00:00:22]} 5. d3 {[%clk 01:32:19]} {[%emt 00:00:09]}
O-O {[%emt 00:01:56]} 6. O-O {[%clk 01:31:17]} {[%emt 00:00:01]} d6 {[%clk
01:29:58]} {[%emt 00:01:37]} 7. Bb3 {[%clk 01:29:19]} {[%emt 00:02:28]} a6
{[%clk 01:29:54]} {[%emt 00:00:35]} 8. Nbd2 {[%clk 01:29:03]} {[%emt 00:00:46]}
Ba7 {[%clk 01:26:50]} {[%emt 00:03:33]} 9. h3 {[%clk 01:29:05]} {[%emt
00:00:28]} Ne7 {[%clk 01:26:45]} {[%emt 00:00:35]} 10. Re1 {[%clk 01:28:58]}
{[%emt 00:00:38]} Ng6 {[%clk 01:26:30]} {[%emt 00:00:44]} 11. Nf1 {[%clk
01:28:50]} {[%emt 00:00:39]} h6 {[%clk 01:23:44]} {[%emt 00:03:15]} 12. Ng3
{[%clk 01:26:49]} {[%emt 00:02:32]} Be6 {[%clk 01:18:47]} {[%emt 00:05:27]} 13.
Bc2 {[%clk 01:15:14]} {[%emt 00:12:05]} c5 {[%clk 01:06:32]} {[%emt 00:12:44]}
14. d4 {[%clk 01:04:15]} {[%emt 00:11:30]} cxd4 {[%clk 01:04:52]} {[%emt
00:02:10]} 15. cxd4 {[%clk 01:04:37]} {[%emt 00:00:07]} Rc8 {[%clk 00:59:45]}
{[%emt 00:05:36]} 16. Be3 {[%clk 01:03:09]} {[%emt 00:01:57]} Bb6 {[%clk
00:58:15]} {[%emt 00:02:01]} 17. Qd2 {[%clk 00:58:38]} {[%emt 00:05:01]} Ba5
{[%clk 00:55:34]} {[%emt 00:03:11]} 18. b4 {[%clk 00:57:57]} {[%emt 00:01:12]}
Bxb4 {[%clk 00:55:52]} {[%emt 00:00:12]} 19. Qxb4 {[%clk 00:58:16]} {[%emt
00:00:11]} Rxc2 {[%clk 00:56:17]} {[%emt 00:00:05]} 20. d5 {[%clk 00:57:43]}
{[%emt 00:01:03]} Bc8 {[%clk 00:44:16]} {[%emt 00:12:31]} 21. Bb6 {[%clk
00:54:23]} {[%emt 00:03:50]} Qe7 {[%clk 00:43:04]} {[%emt 00:01:42]} 22. Qb3
{[%clk 00:52:33]} {[%emt 00:02:21]} Rc5 {[%clk 00:42:56]} {[%emt 00:00:37]} 23.
Bxc5 {[%clk 00:52:37]} {[%emt 00:00:27]} dxc5 {[%clk 00:43:20]} {[%emt
00:00:05]} 24. Nf5 {[%clk 00:46:19]} {[%emt 00:06:48]} Bxf5 {[%clk 00:38:44]}
{[%emt 00:05:06]} 25. exf5 {[%clk 00:45:59]} {[%emt 00:00:49]} Nf4 {[%clk
00:39:09]} {[%emt 00:00:05]} 26. Rxe5 {[%emt 00:04:49]} Qc7 {[%clk 00:37:01]}
27. Qc4 {[%clk 00:40:34]} {[%emt 00:04:12]} N4xd5 {[%clk 00:36:55]} {[%emt
00:00:39]} 28. Rxd5 {[%clk 00:40:02]} {[%emt 00:01:02]} Nxd5 {[%clk 00:37:18]}
{[%emt 00:00:06]} 29. Qxd5 {[%clk 00:40:26]} {[%emt 00:00:06]} c4 {[%clk
00:37:43]} {[%emt 00:00:05]} 30. f6 {[%clk 00:29:26]} {[%emt 00:11:30]} c3
{[%clk 00:35:01]} {[%emt 00:03:12]} 31. Rc1 {[%clk 00:28:33]} {[%emt 00:01:23]}
Rc8 {[%clk 00:34:05]} {[%emt 00:01:26]} 32. fxg7 {[%clk 00:24:27]} {[%emt
00:04:36]} b5 {[%clk 00:33:28]} {[%emt 00:01:08]} 33. a3 {[%clk 00:19:22]}
{[%emt 00:05:35]} Qe7 {[%clk 00:32:41]} {[%emt 00:01:16]} 34. Qb3 {[%clk
00:13:32]} {[%emt 00:06:19]} Qf6 {[%clk 00:32:12]} {[%emt 00:01:03]} 35. Qb4
{[%clk 00:12:10]} {[%emt 00:01:49]} a5 {[%clk 00:22:09]} {[%emt 00:10:35]} 36.
Qxb5 {[%clk 00:10:06]} {[%emt 00:02:33]} c2 {[%clk 00:22:04]} {[%emt 00:00:35]}
37. Qxa5 {[%clk 00:07:49]} {[%emt 00:02:48]} Rc3 {[%clk 00:19:37]} {[%emt
00:02:56]} 38. Qe5 {[%clk 00:04:27]} {[%emt 00:03:51]} Qc6 {[%clk 00:19:32]}
{[%emt 00:00:36]} 39. Nd4 {[%clk 00:03:56]} {[%emt 00:01:01]} 1-0